Southville International School and Colleges
Your cart is empty.
  • Cart
  • Lists
    Public lists Eva Luna New books Lux_list list_1
    Your lists Log in to create your own lists
  • Log in to your account
  • Your cookies
  • Search history
Southville International School and Colleges
  • Advanced search
  • Recent comments
  • Most popular
  • Libraries

Log in to your account

Log in with GOOGLE


If you do not have an external account, but do have a local account, you can still log in:

  1. Home
  2. MARC view: Dinosaurs.
Normal view MARC view ISBD view

Dinosaurs. (Record no. 115301)

[ view plain ]
MARC details
000 -LEADER
fixed length control field 00439nam a2200169 a 4500
005 - DATE AND TIME OF LATEST TRANSACTION
control field 20140414132135.0
008 - FIXED-LENGTH DATA ELEMENTS--GENERAL INFORMATION
fixed length control field 140221s19uu xx 00 eng d
020 ## - INTERNATIONAL STANDARD BOOK NUMBER
International Standard Book Number 9781426307751
050 ## - LIBRARY OF CONGRESS CALL NUMBER
Classification number REF 567.9
Item number We 2011
100 ## - MAIN ENTRY--PERSONAL NAME
Personal name Weidner-Zochfeld, Kathy
245 ## - TITLE STATEMENT
Title Dinosaurs.
260 ## - PUBLICATION, DISTRIBUTION, ETC. (IMPRINT)
Place of publication, distribution, etc New York :
Name of publisher, distributor, etc National Geographic,
Date of publication, distribution, etc 2011.
300 ## - PHYSICAL DESCRIPTION
Extent 32
440 ## - SERIES STATEMENT/ADDED ENTRY--TITLE
Title National Geographic for kids
650 ## - SUBJECT ADDED ENTRY--TOPICAL TERM
Topical term or geographic name as entry element Dinosaurs
Holdings
Withdrawn status Lost status Damaged status Home library Current library Shelving location Date acquired Source of acquisition Total Checkouts Full call number Barcode Date last seen Price effective from Koha item type
      Munich Library Munich Library Reference Section 02/21/2014     REF 567.9 We 2011 M7323 04/14/2014 04/14/2014 Books

Dinosaurs.

APA

Weidner-Zochfeld K., . (2011). Dinosaurs. New York: National Geographic.

Chicago

Weidner-Zochfeld Kathy, . 2011. Dinosaurs. New York: National Geographic.

Harvard

Weidner-Zochfeld K., . (2011). Dinosaurs. New York: National Geographic.

MLA

Weidner-Zochfeld Kathy, . Dinosaurs. New York: National Geographic. 2011.

  • Place hold
  • Print
  • Cite
  • Add to your cart (remove)
  • Save record
    BIBTEX Dublin Core MARCXML MARC (non-Unicode/MARC-8) MARC (Unicode/UTF-8) MARC (Unicode/UTF-8, Standard) MODS (XML) RIS
  • More searches
    Search for this title in:
    Other Libraries (WorldCat) Other Databases (Google Scholar) Online Stores (Bookfinder.com) Open Library (openlibrary.org)

Exporting to Dublin Core...

SOUTHVILLE LIBRARY

Southville International School and Colleges Library

1281 Tropical Ave. Cor. Luxembourg St., BF Homes International, Las Pinas City

Tel. No. 8256374 / 252358 Loc. 117/146

Powered by Koha